Music Quiz

Random Music or Artist Quiz

Name The Song # 3 Quiz Stats

 Plays Quiz not verified by Sporcle

Also try: 'Weird Al' Hits
Challenge
Share
Tweet
Embed
Score 0/20 Timer 06:00
0 Plays Today
Lyrics Song % Correct
Marlon Brando, Jimmy Dean, on the cover of a magazineVogue
76%
You think I'm pretty without any makeup onTeenage Dream
56%
Standing in line to see the show tonight and there's a light onBy The Way
52%
You know I feel so dirty when they start talking cuteJessie's Girl
48%
I really don't think your strong enough nowBelieve
44%
Cause your sex takes me to paradiseLocked Out Of Heaven
44%
It's physical, only logicalWhat's Love Got To Do With It
36%
Hot tramp, daddy's little cutieRag Doll
36%
I know I've been a real bad girl, I didn't mean for you to get hurtThe Sweet Escape
36%
Do you remember when we feel in love, we were young and innocent thenRemember The Time
28%
Lyrics Song % Correct
When it gets cold outside and you've got nobody to loveHarder To Breathe
24%
Don't worry about a thing, cause every little thing's gonna be alrightThree Little Birds
24%
I'd really hate to let this moment goDon't You Wanna Stay
24%
I don't care what they think, I don't care what they sayCome To My Window
24%
Thirteen month baby, broke the looking glassSuperstition
24%
Well my friend I'm lonely tooLights
20%
Boss man can shove that overtime up his canDrink In My Hand
12%
Ever since I met you girl, you've been on my brain5-1-5-0
12%
If tomorrow is judgement day, and I'm standing on the front lineMy Love Is Your Love
8%
Life is like a ride on a party busOne Way Ticket
8%

You're not logged in!

Compare scores with friends on all Sporcle quizzes.
Join for Free
OR
Log In

You Might Also Like...

Show Comments

Extras

Created Mar 6, 2013ReportNominate
Tags:Artist Quiz, Song Quiz

Top Quizzes Today


Score Distribution

Your Account Isn't Verified!

In order to create a playlist on Sporcle, you need to verify the email address you used during registration. Go to your Sporcle Settings to finish the process.

Report this User

Report this user for behavior that violates our Community Guidelines.

Details: